Responses for show #4497 - Tuesday, March 9, 2004

Contestants

[<< previous game]

Bobby Goldstein, a database administrator from Arlington, Massachusetts

Deepa Iyengar, an artist from Los Angeles, California

Beth Graham, a library public relations manager from San Antonio, Texas (whose 2-day cash winnings total $36,401)

[next game >>]

Jeopardy! Round responses

DRAGONS
TV CHARACTERS
ELLIS ISLAND
ISMs
OLD TESTAMENT WHO'S WHO
7-LETTER WORDS
    $200 1
China

Deepa
    $200 11
Columbo

Bobby
    $200 26
(Alex: With less than a minute now.)

Ireland

Deepa
    $200 6
feminism

Deepa
    $200 15
Goliath

Bobby
    $200 17
thieves

Bobby
    $400 2
The Hobbit

Bobby
    $400 12
Al Bundy

Bobby
    $400 27
the Statue of Liberty

Deepa
    $400 7
Impressionism

Deepa
    $400 22
(Deepa: Who is Gabriel?)

Michael

BethDeepa
    $400 18
(Bobby: What are cupcakes?)
(Beth: [No response])
(Deepa: What are Debbies?)
...
(Alex: "Cupcakes" has 8 letters, not 7.)

cupcake

BethDeepaBobby
Triple Stumper
    $600 3
Shrek

Deepa
    $600 13
Latka Gravas

Bobby
    $1,600 28
Bob Hope

Deepa
    $600 8
journalism

Deepa
    $600 23
Abraham

Deepa
    $600 19
lactose

Bobby
    $800 4
the Golden Fleece

Bobby
    $800 14
Emma Peel

Deepa
    $800 29
(Deepa: What is Gate?)

Door

BethDeepa
    $800 9
botulism

Deepa
    $800 24
Japheth

Deepa
    $800 20
Nirvana

Deepa
    $1000 5
Beowulf

Deepa
    $1000 16
Monk

Bobby
    $1000 30
Lee Iacocca

Deepa
    $1000 10
schism

Bobby
    $1000 25
Miriam

Triple Stumper
    $1000 21
Fiedler

Bobby

Scores at the first commercial break (after clue 15):

Beth Deepa Bobby
$0 $4,600 $3,600

Scores at the end of the Jeopardy! Round:

Beth Deepa Bobby
$800 $8,400 $6,000

Double Jeopardy! Round responses

RULERS
THE CABINET
(Alex: There's a theme here.)
PAPER CLIPS
HALIFAX ME
STAPLES CENTER
FILE UNDER "C"
    $400 3
(Beth: Who are Carlos & Isabella?)

Ferdinand & Isabella

BethDeepa
    $400 6
Agriculture

Bobby
    $400 11
Winston Churchill

Bobby
    $400 21
(postage) stamp

Beth
    $400 2
(Bobby: Who is Bush?)

(Al) Gore

DeepaBobby
    $400 1
carrot and stick

Bobby
    $800 4
Montezuma

Deepa
    $800 7
the Department of Labor

Bobby
    $800 12
Subways

Bobby
    $800 24
parking meters

Beth
    $800 18
(Deepa: Who is Kareem Abdul-Jabbar?)

Shaquille O'Neal

BethDeepa
    $800 19
the canopy

Beth
    $1200 5
Nepal

Bobby
    $1200 8
Attorney General

Bobby
    $1200 13
(an) Heir

Bobby
    $1200 25
(Alex: With a minute left.)

(Bruce) Springsteen

Beth
    $1200 20
clay

Bobby
    $3,200 15
Mary II

Deepa
    $1600 9
the Federal Aviation Administration

Deepa
    $1600 14
Recall

Deepa
    $1600 29
[buzzer sounds to end the round]

the Lighthouse

Bobby
    $1600 26
(Alex: Scrapes and resurfaces the ice.)

the Zamboni

Triple Stumper
    $1600 22
(Noel) Coward

Beth
    $2000 16
Charles Martel

Deepa
    $2000 10
Lloyd Bentsen

Bobby
    $2000 17
Variety

Bobby
    $1,000 28
Siam

Beth
    $2000 27
(Deepa: What are the MTV Music Awards?)
(Bobby: What are the Grammys?)
(Beth: What are the Latino... no, what are the Hip-Hop Grammys... the Rap?)

the Latin Grammy Awards

BethDeepaBobby
Triple Stumper
    $2000 23
crustaceans

Bobby

Scores at the end of the Double Jeopardy! Round:

Beth Deepa Bobby
$5,000 $15,600 $18,800

[wagering suggestions for these scores]

Final Jeopardy! Round responses

HEALTH & MEDICINE
(Alex: [To Bobby] Caused by the [*], either one acceptable.)
BethWhat is ebola?
$4,000
DeepaWhat is African Flu?
$5,599
BobbyWhat is West Nile Fever?
$12,401
West Nile Virus (or West Nile Fever)

Final scores:

Beth Deepa Bobby
$1,000 $10,001 $31,201
3rd place: $1,000 2nd place: $2,000 New champion: $31,201

Game dynamics:

Coryat scores:

Beth Deepa Bobby
$6,000 $13,000 $18,800
9 R
(including 1 DD),
3 W
22 R
(including 2 DDs),
5 W
24 R,
3 W

Combined Coryat: $37,800

The J! Archive is created by fans, for fans. The Jeopardy! game show and all elements thereof, including but not limited to copyright and trademark thereto, are the property of Jeopardy Productions, Inc. and are protected under law. This website is not affiliated with, sponsored by, or operated by Jeopardy Productions, Inc. Join the discussion at JBoard.tv.